[Event "Kadettlandskamp NOR-SWE B 2018"]
[Site "NTG, Bærum, Norway"]
[Date "2018.12.15"]
[Round "4.3"]
[White "Nguyen, Gabriel"]
[Black "Melaa, Sondre Lillestøl"]
[Result "0-1"]
[WhiteFideId "1720791"]
[BlackFideId "1530470"]
[WhiteElo "1906"]
[BlackElo "1838"]

1. d4 {[%clk 00:15:18]} {[%emt 00:00:01]} d5 {[%clk 00:15:18]} {[%emt
00:00:02]} 2. c4 {[%clk 00:15:26]} {[%emt 00:00:02]} e6 {[%clk 00:15:26]}
{[%emt 00:00:02]} 3. Nc3 {[%clk 00:15:32]} {[%emt 00:00:04]} Nf6 {[%clk
00:15:34]} {[%emt 00:00:02]} 4. Nf3 {[%clk 00:15:15]} {[%emt 00:00:29]} Be7
{[%clk 00:15:39]} {[%emt 00:00:03]} 5. Bg5 {[%clk 00:15:21]} {[%emt 00:00:06]}
Nbd7 {[%clk 00:15:46]} {[%emt 00:00:02]} 6. e3 {[%clk 00:15:29]} {[%emt
00:00:02]} h6 {[%clk 00:15:55]} {[%emt 00:00:01]} 7. Bh4 {[%clk 00:15:38]}
{[%emt 00:00:01]} O-O {[%clk 00:16:02]} {[%emt 00:00:02]} 8. Rc1 {[%clk
00:14:29]} {[%emt 00:01:19]} c5 {[%clk 00:16:09]} {[%emt 00:00:03]} 9. cxd5
{[%clk 00:14:32]} {[%emt 00:00:07]} Nxd5 {[%clk 00:16:05]} {[%emt 00:00:14]} 10.
Bxe7 {[%clk 00:14:39]} {[%emt 00:00:04]} Nxe7 {[%clk 00:16:10]} {[%emt
00:00:04]} 11. Be2 {[%clk 00:14:18]} {[%emt 00:00:32]} b6 {[%clk 00:16:12]}
{[%emt 00:00:07]} 12. O-O {[%clk 00:14:04]} {[%emt 00:00:24]} Bb7 {[%clk
00:16:05]} {[%emt 00:00:17]} 13. dxc5 {[%clk 00:12:37]} {[%emt 00:01:39]} Nxc5
{[%clk 00:16:06]} {[%emt 00:00:07]} 14. Qc2 {[%clk 00:12:27]} {[%emt 00:00:21]}
Rc8 {[%clk 00:15:45]} {[%emt 00:00:30]} 15. Qb1 {[%clk 00:12:35]} {[%emt
00:00:03]} Nd5 {[%clk 00:15:26]} {[%emt 00:00:29]} 16. Nxd5 {[%clk 00:08:39]}
{[%emt 00:04:06]} Bxd5 {[%clk 00:15:26]} {[%emt 00:00:09]} 17. b4 {[%clk
00:08:18]} {[%emt 00:00:31]} Be4 {[%clk 00:13:25]} {[%emt 00:02:11]} 18. Qb2
{[%clk 00:08:14]} {[%emt 00:00:13]} Bxf3 {[%clk 00:13:14]} {[%emt 00:00:22]} 19.
Bxf3 {[%clk 00:07:21]} {[%emt 00:01:05]} Nd3 {[%clk 00:13:13]} {[%emt
00:00:10]} 20. Rxc8 {[%clk 00:07:29]} {[%emt 00:00:02]} Qxc8 {[%clk 00:13:17]}
{[%emt 00:00:06]} 21. Qb1 {[%clk 00:07:09]} {[%emt 00:00:29]} Qc3 {[%clk
00:12:36]} {[%emt 00:00:50]} 22. b5 {[%clk 00:07:03]} {[%emt 00:00:17]} Rc8
{[%clk 00:11:33]} {[%emt 00:01:13]} 23. Be4 {[%clk 00:05:12]} {[%emt 00:02:01]}
Ne5 {[%clk 00:10:55]} {[%emt 00:00:47]} 24. Rd1 {[%clk 00:04:37]} {[%emt
00:00:46]} g6 {[%clk 00:09:11]} {[%emt 00:01:54]} 25. h3 {[%clk 00:04:02]}
{[%emt 00:00:46]} Kg7 {[%clk 00:09:13]} {[%emt 00:00:07]} 26. Kh2 {[%clk
00:02:47]} {[%emt 00:01:25]} Rc7 {[%clk 00:08:32]} {[%emt 00:00:51]} 27. Rd4
{[%clk 00:02:03]} {[%emt 00:00:54]} Rd7 {[%clk 00:07:45]} {[%emt 00:00:57]} 28.
Rxd7 {[%clk 00:02:08]} {[%emt 00:00:06]} Nxd7 {[%clk 00:07:50]} {[%emt
00:00:04]} 29. Qd3 {[%clk 00:01:56]} {[%emt 00:00:22]} Qxd3 {[%clk 00:07:44]}
{[%emt 00:00:17]} 30. Bxd3 {[%clk 00:02:05]} {[%emt 00:00:01]} Kf6 {[%clk
00:07:49]} {[%emt 00:00:05]} 31. f4 {[%clk 00:02:01]} {[%emt 00:00:14]} Ke7
{[%clk 00:07:50]} {[%emt 00:00:08]} 32. Kg3 {[%clk 00:01:51]} {[%emt 00:00:21]}
Kd6 {[%clk 00:07:54]} {[%emt 00:00:06]} 33. Kf3 {[%clk 00:01:55]} {[%emt
00:00:06]} Kc5 {[%clk 00:07:52]} {[%emt 00:00:12]} 34. g4 {[%clk 00:01:37]}
{[%emt 00:00:28]} Kb4 {[%clk 00:06:41]} {[%emt 00:01:20]} 35. e4 {[%clk
00:01:08]} {[%emt 00:00:40]} e5 {[%clk 00:05:50]} {[%emt 00:01:01]} 36. h4
{[%clk 00:00:43]} {[%emt 00:00:36]} f6 {[%clk 00:05:35]} {[%emt 00:00:24]} 37.
g5 {[%clk 00:00:22]} {[%emt 00:00:30]} hxg5 {[%clk 00:05:34]} {[%emt 00:00:12]}
38. fxg5 {[%clk 00:00:14]} {[%emt 00:00:19]} fxg5 {[%clk 00:05:40]} {[%emt
00:00:03]} 39. hxg5 {[%clk 00:00:21]} {[%emt 00:00:03]} Nc5 {[%clk 00:05:34]}
{[%emt 00:00:16]} 40. Bf1 {[%clk 00:00:30]} {[%emt 00:00:01]} Ne6 {[%clk
00:05:25]} {[%emt 00:00:18]} 41. Kg4 {[%clk 00:00:33]} {[%emt 00:00:06]} Nd4
{[%clk 00:04:33]} {[%emt 00:01:03]} 42. Kg3 {[%clk 00:00:19]} {[%emt 00:00:25]}
Nxb5 {[%clk 00:04:26]} {[%emt 00:00:17]} 43. Bh3 {[%clk 00:00:21]} {[%emt
00:00:08]} Nd4 {[%clk 00:04:31]} {[%emt 00:00:04]} 44. Bd7 {[%clk 00:00:15]}
{[%emt 00:00:16]} Ne2+ {[%clk 00:04:25]} {[%emt 00:00:16]} 45. Kg4 {[%clk
00:00:21]} {[%emt 00:00:05]} Nf4 {[%clk 00:04:31]} {[%emt 00:00:02]} 46. Be8
{[%clk 00:00:15]} {[%emt 00:00:17]} Kc3 {[%clk 00:04:19]} {[%emt 00:00:21]} 47.
Bc6 {[%clk 00:00:15]} {[%emt 00:00:10]} Kd4 {[%clk 00:04:09]} {[%emt 00:00:18]}
48. Kf3 {[%clk 00:00:14]} {[%emt 00:00:11]} Kc5 {[%clk 00:03:59]} {[%emt
00:00:21]} 49. Be8 {[%clk 00:00:23]} b5 {[%clk 00:04:04]} {[%emt 00:00:05]} 50.
Kg4 {[%clk 00:00:30]} {[%emt 00:00:04]} b4 {[%clk 00:04:04]} {[%emt 00:00:09]}
51. Bf7 {[%clk 00:00:24]} {[%emt 00:00:16]} a5 {[%clk 00:04:08]} {[%emt
00:00:07]} 52. Bxg6 {[%clk 00:00:21]} {[%emt 00:00:13]} Nxg6 {[%clk 00:03:41]}
{[%emt 00:00:38]} 53. Kf5 {[%clk 00:00:30]} Nf8 {[%clk 00:03:49]} {[%emt
00:00:01]} 54. Kxe5 {[%clk 00:00:31]} {[%emt 00:00:10]} a4 {[%clk 00:03:57]}
{[%emt 00:00:02]} 55. Kf6 {[%clk 00:00:37]} {[%emt 00:00:05]} Nh7+ {[%clk
00:03:45]} {[%emt 00:00:21]} 56. Kf5 {[%clk 00:00:37]} {[%emt 00:00:10]} Nxg5
{[%clk 00:03:45]} {[%emt 00:00:10]} 57. Kxg5 {[%clk 00:00:46]} {[%emt
00:00:02]} b3 {[%clk 00:03:54]} 58. axb3 {[%clk 00:00:51]} {[%emt 00:00:04]}
axb3 {[%clk 00:04:02]} {[%emt 00:00:02]} 59. e5 {[%clk 00:01:00]} {[%emt
00:00:01]} b2 {[%clk 00:04:10]} {[%emt 00:00:01]} 60. e6 {[%clk 00:01:08]}
{[%emt 00:00:03]} b1=Q {[%clk 00:04:17]} {[%emt 00:00:04]} 61. e7 {[%clk
00:01:08]} {[%emt 00:00:10]} Qe4 {[%clk 00:04:21]} {[%emt 00:00:06]} 62. Kf6
{[%clk 00:01:16]} {[%emt 00:00:02]} Kd6 {[%clk 00:04:28]} {[%emt 00:00:03]} 0-1

[Event "Kadettlandskamp NOR-SWE B 2018"]
[Site "NTG, Bærum, Norway"]
[Date "2018.12.15"]
[Round "4.4"]
[White "Nielsen, Andre"]
[Black "Rasti, Arvin"]
[Result "1-0"]
[WhiteTitle "FM"]
[WhiteFideId "1518240"]
[BlackFideId "1741160"]
[WhiteElo "1917"]
[BlackElo "1777"]

1. e4 {[%clk 00:15:17]} {[%emt 00:00:02]} c6 {[%clk 00:15:16]} {[%emt
00:00:05]} 2. d4 {[%clk 00:15:23]} {[%emt 00:00:03]} d5 {[%clk 00:15:26]} 3.
Nc3 {[%clk 00:15:27]} {[%emt 00:00:06]} dxe4 {[%clk 00:15:35]} 4. Nxe4 {[%clk
00:15:35]} {[%emt 00:00:02]} Nd7 {[%clk 00:15:44]} 5. Nf3 {[%clk 00:15:27]}
{[%emt 00:00:18]} Ngf6 {[%clk 00:15:53]} 6. Nxf6+ {[%clk 00:15:12]} {[%emt
00:00:26]} Nxf6 {[%clk 00:15:56]} {[%emt 00:00:07]} 7. Bc4 {[%clk 00:15:05]}
{[%emt 00:00:17]} Bg4 {[%clk 00:15:57]} {[%emt 00:00:09]} 8. Bxf7+ {[%clk
00:14:42]} {[%emt 00:00:33]} Kxf7 {[%clk 00:16:01]} {[%emt 00:00:06]} 9. Ne5+
{[%emt 00:00:08]} Ke8 {[%clk 00:15:57]} {[%emt 00:00:12]} 10. Nxg4 {[%clk
00:14:48]} {[%emt 00:00:09]} Qd7 {[%clk 00:15:40]} {[%emt 00:00:26]} 11. Nxf6+
{[%clk 00:14:18]} {[%emt 00:00:40]} gxf6 {[%clk 00:15:42]} {[%emt 00:00:08]} 12.
Qh5+ {[%clk 00:14:08]} {[%emt 00:00:19]} Kd8 {[%clk 00:15:50]} {[%emt
00:00:02]} 13. O-O {[%clk 00:13:58]} {[%emt 00:00:21]} Rg8 {[%clk 00:15:14]}
{[%emt 00:00:46]} 14. Bf4 {[%clk 00:13:10]} {[%emt 00:00:57]} e6 {[%clk
00:15:07]} {[%emt 00:00:17]} 15. Rfe1 {[%clk 00:12:49]} {[%emt 00:00:32]} f5
{[%clk 00:14:36]} {[%emt 00:00:42]} 16. c4 {[%clk 00:12:16]} {[%emt 00:00:42]}
Bb4 {[%clk 00:14:21]} {[%emt 00:00:25]} 17. Red1 {[%clk 00:11:08]} {[%emt
00:01:19]} Qg7 {[%clk 00:13:52]} {[%emt 00:00:39]} 18. g3 {[%clk 00:10:52]}
{[%emt 00:00:25]} Kd7 {[%clk 00:13:49]} {[%emt 00:00:14]} 19. d5 {[%clk
00:10:22]} {[%emt 00:00:39]} Qxb2 {[%clk 00:12:46]} {[%emt 00:01:13]} 20. Qf7+
{[%clk 00:10:01]} {[%emt 00:00:30]} Be7 {[%clk 00:11:46]} {[%emt 00:01:12]} 21.
dxe6+ {[%emt 00:00:25]} 1-0

[Event "Kadettlandskamp NOR-SWE B 2018"]
[Site "NTG, Bærum, Norway"]
[Date "2018.12.15"]
[Round "4.5"]
[White "Ivarsson, Sebastian"]
[Black "Fossan, Aleksander"]
[Result "0-1"]
[WhiteFideId "1738593"]
[BlackFideId "1519794"]
[WhiteElo "1652"]
[BlackElo "1903"]

1. d4 {[%clk 00:15:18]} {[%emt 00:00:02]} d6 {[%clk 00:15:19]} {[%emt
00:00:02]} 2. c4 {[%clk 00:15:03]} {[%emt 00:00:25]} e5 {[%clk 00:15:28]}
{[%emt 00:00:01]} 3. e3 {[%clk 00:14:42]} {[%emt 00:00:31]} exd4 {[%clk
00:12:46]} {[%emt 00:02:53]} 4. exd4 {[%clk 00:14:50]} {[%emt 00:00:02]} Bf5
{[%clk 00:12:22]} {[%emt 00:00:33]} 5. Nf3 {[%clk 00:14:43]} {[%emt 00:00:17]}
Be7 {[%clk 00:11:57]} {[%emt 00:00:35]} 6. Bd3 {[%clk 00:14:26]} {[%emt
00:00:26]} Bxd3 {[%clk 00:12:04]} {[%emt 00:00:04]} 7. Qxd3 {[%clk 00:14:34]}
{[%emt 00:00:02]} Nf6 {[%clk 00:12:12]} {[%emt 00:00:02]} 8. O-O {[%clk
00:14:39]} {[%emt 00:00:05]} O-O {[%clk 00:12:20]} {[%emt 00:00:01]} 9. Bg5
{[%clk 00:14:41]} {[%emt 00:00:08]} d5 {[%clk 00:12:01]} {[%emt 00:00:29]} 10.
Nc3 {[%clk 00:14:24]} {[%emt 00:00:27]} dxc4 {[%clk 00:11:13]} {[%emt
00:00:58]} 11. Qxc4 {[%clk 00:14:32]} {[%emt 00:00:02]} Nbd7 {[%clk 00:11:21]}
{[%emt 00:00:03]} 12. Rfe1 {[%clk 00:14:33]} {[%emt 00:00:08]} c6 {[%clk
00:10:56]} {[%emt 00:00:35]} 13. Rad1 {[%clk 00:14:17]} {[%emt 00:00:26]} h6
{[%clk 00:10:17]} {[%emt 00:00:49]} 14. Bh4 {[%clk 00:14:23]} {[%emt 00:00:03]}
Nb6 {[%clk 00:08:35]} {[%emt 00:01:52]} 15. Qe2 {[%clk 00:14:16]} {[%emt
00:00:17]} Re8 {[%clk 00:07:22]} {[%emt 00:01:24]} 16. Ne5 {[%clk 00:13:11]}
{[%emt 00:01:15]} Nfd5 {[%clk 00:07:12]} {[%emt 00:00:20]} 17. Bxe7 {[%clk
00:12:29]} {[%emt 00:00:52]} Qxe7 {[%clk 00:07:10]} {[%emt 00:00:12]} 18. Qd2
{[%clk 00:12:06]} {[%emt 00:00:32]} Qc7 {[%clk 00:06:13]} {[%emt 00:01:07]} 19.
Rc1 {[%clk 00:11:37]} {[%emt 00:00:40]} Rad8 {[%clk 00:06:17]} {[%emt
00:00:06]} 20. Ne4 {[%clk 00:10:47]} {[%emt 00:01:00]} Nd7 {[%clk 00:06:03]}
{[%emt 00:00:25]} 21. Nxd7 {[%clk 00:10:23]} {[%emt 00:00:33]} Qxd7 {[%clk
00:06:04]} {[%emt 00:00:09]} 22. Nc5 {[%clk 00:10:22]} {[%emt 00:00:11]} Qc7
{[%clk 00:05:50]} {[%emt 00:00:25]} 23. b4 {[%clk 00:09:42]} {[%emt 00:00:49]}
b6 {[%clk 00:02:47]} {[%emt 00:03:14]} 24. Ne4 {[%clk 00:09:39]} {[%emt
00:00:12]} Qf4 {[%clk 00:02:12]} {[%emt 00:00:45]} 25. Qxf4 {[%clk 00:08:28]}
{[%emt 00:01:21]} Nxf4 {[%clk 00:02:21]} {[%emt 00:00:01]} 26. Rxc6 {[%clk
00:08:09]} {[%emt 00:00:29]} f5 {[%clk 00:02:19]} {[%emt 00:00:12]} 27. g3
{[%clk 00:07:51]} {[%emt 00:00:28]} Nd3 {[%clk 00:02:11]} {[%emt 00:00:17]} 28.
Nf6+ {[%clk 00:07:50]} {[%emt 00:00:12]} gxf6 {[%clk 00:02:12]} {[%emt
00:00:09]} 29. Rxe8+ {[%clk 00:07:58]} {[%emt 00:00:01]} Rxe8 {[%clk 00:02:21]}
{[%emt 00:00:01]} 30. Rxf6 {[%clk 00:08:07]} {[%emt 00:00:01]} Nxb4 {[%clk
00:02:06]} {[%emt 00:00:26]} 31. Rxf5 {[%clk 00:07:47]} {[%emt 00:00:30]} Nxa2
{[%clk 00:02:10]} {[%emt 00:00:06]} 32. Rf3 {[%clk 00:07:41]} {[%emt 00:00:15]}
Nb4 {[%clk 00:01:48]} {[%emt 00:00:33]} 33. Ra3 {[%clk 00:07:38]} {[%emt
00:00:12]} a5 {[%clk 00:01:56]} {[%emt 00:00:03]} 34. Rf3 {[%clk 00:07:23]}
{[%emt 00:00:24]} Kg7 {[%clk 00:01:51]} {[%emt 00:00:15]} 35. Rf5 {[%clk
00:07:08]} {[%emt 00:00:24]} Rd8 {[%clk 00:01:47]} {[%emt 00:00:15]} 36. Rb5
{[%clk 00:07:16]} {[%emt 00:00:02]} Rd6 {[%clk 00:01:22]} {[%emt 00:00:36]} 37.
f4 {[%clk 00:07:20]} {[%emt 00:00:06]} Nc2 {[%clk 00:01:14]} {[%emt 00:00:18]}
38. d5 {[%clk 00:07:08]} {[%emt 00:00:21]} a4 {[%clk 00:01:09]} {[%emt
00:00:15]} 39. Rb2 {[%clk 00:06:55]} {[%emt 00:00:23]} Nd4 {[%clk 00:01:14]}
{[%emt 00:00:06]} 40. Rb4 {[%clk 00:06:54]} {[%emt 00:00:11]} Ne2+ {[%clk
00:01:05]} {[%emt 00:00:19]} 41. Kf2 {[%clk 00:06:54]} {[%emt 00:00:10]} Nc3
{[%clk 00:01:09]} {[%emt 00:00:06]} 42. Rc4 {[%clk 00:06:58]} {[%emt 00:00:06]}
Nd1+ {[%clk 00:00:52]} {[%emt 00:00:27]} 43. Ke2 {[%clk 00:06:47]} {[%emt
00:00:19]} Nb2 {[%clk 00:00:55]} {[%emt 00:00:08]} 44. Rb4 {[%clk 00:06:47]}
{[%emt 00:00:09]} a3 {[%clk 00:01:03]} {[%emt 00:00:04]} 45. Rb3 {[%clk
00:06:55]} {[%emt 00:00:02]} Nc4 {[%clk 00:00:56]} {[%emt 00:00:16]} 46. Rb1
{[%clk 00:06:21]} {[%emt 00:00:43]} Rxd5 {[%clk 00:00:57]} {[%emt 00:00:10]} 47.
Kf3 {[%clk 00:06:16]} {[%emt 00:00:15]} Nd2+ {[%clk 00:01:06]} {[%emt
00:00:02]} 48. Ke3 {[%emt 00:00:29]} 0-1

[Event "Kadettlandskamp NOR-SWE B 2018"]
[Site "NTG, Bærum, Norway"]
[Date "2018.12.15"]
[Round "4.6"]
[White "Vitenberg, Noam A"]
[Black "Muntean, Viktor"]
[Result "1-0"]
[WhiteFideId "1532138"]
[BlackFideId "1054414"]
[WhiteElo "1889"]
[BlackElo "1791"]

1. Nf3 {[%clk 00:15:18]} {[%emt 00:29:30]} Nf6 {[%clk 00:15:17]} {[%emt
00:00:04]} 2. c4 {[%clk 00:15:26]} {[%emt 00:00:01]} g6 {[%clk 00:15:26]}
{[%emt 00:00:02]} 3. Nc3 {[%clk 00:15:34]} {[%emt 00:00:02]} Bg7 {[%clk
00:15:35]} {[%emt 00:00:01]} 4. e4 {[%clk 00:15:41]} {[%emt 00:00:02]} d6
{[%clk 00:15:44]} {[%emt 00:00:02]} 5. d4 {[%clk 00:15:49]} {[%emt 00:00:02]}
O-O {[%clk 00:15:52]} {[%emt 00:00:02]} 6. Be2 {[%clk 00:15:57]} {[%emt
00:00:02]} e5 {[%clk 00:16:01]} {[%emt 00:00:01]} 7. Be3 {[%clk 00:16:05]}
{[%emt 00:00:02]} Nc6 {[%clk 00:15:57]} {[%emt 00:00:14]} 8. d5 {[%clk
00:16:13]} {[%emt 00:00:02]} Ne7 {[%clk 00:16:06]} {[%emt 00:00:01]} 9. Nd2
{[%clk 00:16:22]} {[%emt 00:00:02]} Ne8 {[%clk 00:16:12]} {[%emt 00:00:03]} 10.
c5 {[%clk 00:16:28]} {[%emt 00:00:04]} f5 {[%clk 00:16:17]} {[%emt 00:00:06]}
11. f3 {[%clk 00:16:37]} f4 {[%clk 00:16:25]} {[%emt 00:00:02]} 12. Bf2 {[%clk
00:16:46]} g5 {[%clk 00:15:44]} {[%emt 00:00:51]} 13. b4 {[%clk 00:16:55]}
{[%emt 00:00:01]} Ng6 {[%clk 00:15:43]} {[%emt 00:00:10]} 14. g3 {[%clk
00:16:30]} {[%emt 00:00:35]} fxg3 {[%clk 00:15:08]} {[%emt 00:00:45]} 15. hxg3
{[%clk 00:16:37]} {[%emt 00:00:03]} Rf7 {[%clk 00:14:57]} {[%emt 00:00:20]} 16.
a4 {[%clk 00:15:58]} {[%emt 00:00:49]} Bf8 {[%clk 00:14:53]} {[%emt 00:00:15]}
17. Nc4 {[%clk 00:15:35]} {[%emt 00:00:32]} Ng7 {[%clk 00:12:34]} {[%emt
00:02:29]} 18. Qd2 {[%clk 00:12:51]} {[%emt 00:02:54]} h5 {[%clk 00:11:49]}
{[%emt 00:00:56]} 19. cxd6 {[%clk 00:12:47]} {[%emt 00:00:13]} Bxd6 {[%clk
00:11:18]} {[%emt 00:00:40]} 20. Nb5 {[%clk 00:12:17]} {[%emt 00:00:40]} b6
{[%clk 00:10:44]} {[%emt 00:00:45]} 21. a5 {[%clk 00:12:03]} {[%emt 00:00:24]}
bxa5 {[%clk 00:10:02]} {[%emt 00:00:52]} 22. Nxa5 {[%clk 00:11:50]} {[%emt
00:00:23]} Qf8 {[%clk 00:09:31]} {[%emt 00:00:41]} 23. Nxd6 {[%clk 00:11:27]}
{[%emt 00:00:33]} Qxd6 {[%clk 00:09:30]} {[%emt 00:00:11]} 24. Nc4 {[%clk
00:11:30]} {[%emt 00:00:07]} Qf8 {[%clk 00:09:13]} {[%emt 00:00:27]} 25. Qxg5
{[%clk 00:10:45]} {[%emt 00:00:55]} Qxb4+ {[%clk 00:09:10]} {[%emt 00:00:13]}
26. Kf1 {[%clk 00:10:49]} {[%emt 00:00:05]} a5 {[%clk 00:07:21]} {[%emt
00:01:59]} 27. Qxg6 {[%clk 00:10:49]} {[%emt 00:00:09]} Ba6 {[%clk 00:07:30]}
{[%emt 00:00:01]} 28. Rxa5 {[%clk 00:10:22]} {[%emt 00:00:37]} Rxf3 {[%clk
00:07:03]} {[%emt 00:00:36]} 29. Rxa6 {[%clk 00:09:30]} {[%emt 00:01:03]} Rxa6
{[%clk 00:06:51]} {[%emt 00:00:22]} 30. Qxa6 {[%clk 00:09:31]} {[%emt
00:00:08]} Qb1+ {[%clk 00:06:59]} {[%emt 00:00:03]} 31. Kg2 {[%clk 00:09:06]}
{[%emt 00:00:35]} Rxf2+ {[%clk 00:07:07]} {[%emt 00:00:02]} 32. Kxf2 {[%clk
00:09:14]} {[%emt 00:00:03]} Qxh1 {[%clk 00:07:14]} {[%emt 00:00:02]} 33. Qc8+
{[%clk 00:09:04]} {[%emt 00:00:19]} Kh7 {[%clk 00:07:21]} {[%emt 00:00:03]} 34.
Ne3 {[%clk 00:09:06]} {[%emt 00:00:08]} Qxe4 {[%clk 00:07:00]} {[%emt
00:00:31]} 35. Qxc7 {[%clk 00:09:05]} {[%emt 00:00:12]} h4 {[%clk 00:06:45]}
{[%emt 00:00:26]} 36. Bg4 {[%clk 00:05:13]} {[%emt 00:04:01]} hxg3+ {[%clk
00:04:49]} {[%emt 00:02:05]} 37. Ke2 {[%clk 00:04:57]} {[%emt 00:00:26]} g2
{[%clk 00:04:10]} {[%emt 00:00:50]} 38. Qc1 {[%clk 00:02:05]} {[%emt 00:03:02]}
Qb4 {[%clk 00:02:56]} {[%emt 00:01:24]} 39. Bf3 {[%clk 00:01:34]} {[%emt
00:00:41]} g1=Q {[%clk 00:02:10]} {[%emt 00:00:55]} 40. Qxg1 {[%clk 00:01:39]}
{[%emt 00:00:06]} Qb2+ {[%clk 00:02:18]} {[%emt 00:00:02]} 41. Kf1 {[%clk
00:01:17]} {[%emt 00:00:31]} Qc1+ {[%clk 00:02:07]} {[%emt 00:00:22]} 42. Kf2
{[%clk 00:01:25]} Qxg1+ {[%clk 00:02:12]} {[%emt 00:00:06]} 43. Kxg1 {[%clk
00:01:33]} {[%emt 00:00:01]} Kg6 {[%clk 00:01:50]} {[%emt 00:00:32]} 44. d6
{[%clk 00:01:28]} {[%emt 00:00:16]} e4 {[%clk 00:00:31]} {[%emt 00:01:29]} 45.
Bg4 {[%clk 00:01:21]} {[%emt 00:00:17]} Kf7 {[%clk 00:00:12]} {[%emt 00:00:29]}
46. d7 {[%clk 00:01:07]} {[%emt 00:00:24]} Ke7 {[%clk 00:00:20]} {[%emt
00:00:02]} 47. Nd5+ {[%clk 00:01:15]} {[%emt 00:00:01]} Kd8 {[%clk 00:00:18]}
{[%emt 00:00:12]} 48. Nb4 {[%clk 00:01:23]} {[%emt 00:00:03]} Kc7 {[%clk
00:00:19]} {[%emt 00:00:09]} 49. Nc6 {[%clk 00:01:31]} {[%emt 00:00:02]} 1-0

[Event "Kadettlandskamp NOR-SWE B 2018"]
[Site "NTG, Bærum, Norway"]
[Date "2018.12.15"]
[Round "5.1"]
[White "Falkevall, Axel"]
[Black "Melaa, Sondre Lillestøl"]
[Result "1-0"]
[WhiteFideId "1735560"]
[BlackFideId "1530470"]
[WhiteElo "1715"]
[BlackElo "1838"]

1. e4 {[%clk 00:15:19]} {[%emt 00:00:16]} e5 {[%clk 00:15:17]} {[%emt
00:00:03]} 2. Nf3 {[%clk 00:15:28]} {[%emt 00:00:02]} Nc6 {[%clk 00:15:24]} 3.
Bc4 {[%clk 00:15:35]} {[%emt 00:00:04]} Bc5 {[%clk 00:15:30]} {[%emt 00:00:04]}
4. c3 {[%clk 00:15:44]} Nf6 {[%clk 00:15:38]} {[%emt 00:00:03]} 5. d4 {[%clk
00:15:53]} {[%emt 00:00:02]} exd4 {[%clk 00:15:44]} {[%emt 00:00:03]} 6. cxd4
{[%clk 00:16:02]} {[%emt 00:00:02]} Bb4+ {[%clk 00:15:51]} {[%emt 00:00:03]} 7.
Nc3 {[%clk 00:16:09]} {[%emt 00:00:03]} Nxe4 {[%clk 00:13:55]} {[%emt
00:02:07]} 8. O-O {[%clk 00:16:17]} {[%emt 00:00:02]} Bxc3 {[%clk 00:13:51]}
{[%emt 00:00:13]} 9. d5 {[%clk 00:16:25]} {[%emt 00:00:02]} Bf6 {[%clk
00:12:14]} {[%emt 00:01:47]} 10. Re1 {[%clk 00:16:30]} {[%emt 00:00:06]} O-O
{[%clk 00:12:05]} {[%emt 00:00:18]} 11. Rxe4 {[%clk 00:16:07]} {[%emt
00:00:33]} Ne7 {[%clk 00:12:02]} {[%emt 00:00:12]} 12. d6 {[%clk 00:16:14]}
{[%emt 00:00:04]} cxd6 {[%clk 00:11:41]} {[%emt 00:00:31]} 13. Qxd6 {[%clk
00:16:21]} {[%emt 00:00:03]} Qb6 {[%clk 00:11:16]} {[%emt 00:00:35]} 14. Bf4
{[%clk 00:15:21]} {[%emt 00:01:11]} Qxb2 {[%clk 00:08:39]} {[%emt 00:02:46]} 15.
Rae1 {[%clk 00:15:20]} {[%emt 00:00:11]} g6 {[%clk 00:05:53]} {[%emt 00:02:58]}
16. Rxe7 {[%clk 00:14:08]} {[%emt 00:01:21]} Bxe7 {[%clk 00:06:00]} {[%emt
00:00:03]} 17. Qxe7 {[%clk 00:14:17]} {[%emt 00:00:02]} d5 {[%clk 00:04:17]}
{[%emt 00:01:53]} 18. Qxf8+ {[%clk 00:14:10]} {[%emt 00:00:17]} Kxf8 {[%clk
00:04:26]} {[%emt 00:00:01]} 19. Bh6+ {[%clk 00:14:19]} Qg7 {[%clk 00:04:33]}
{[%emt 00:00:02]} 20. Bxg7+ {[%clk 00:14:28]} {[%emt 00:00:02]} Kxg7 {[%clk
00:04:41]} {[%emt 00:00:01]} 21. Bxd5 {[%clk 00:14:36]} {[%emt 00:00:01]} Bf5
{[%clk 00:04:20]} {[%emt 00:00:30]} 22. Re7 {[%clk 00:13:25]} {[%emt 00:01:21]}
Rd8 {[%clk 00:04:27]} {[%emt 00:00:03]} 23. Bxb7 {[%clk 00:12:02]} {[%emt
00:01:33]} Kf6 {[%clk 00:04:22]} {[%emt 00:00:15]} 24. Re1 {[%clk 00:12:02]}
{[%emt 00:00:10]} Be6 {[%clk 00:04:05]} {[%emt 00:00:27]} 25. a4 {[%clk
00:11:34]} {[%emt 00:00:39]} g5 {[%clk 00:03:53]} {[%emt 00:00:22]} 26. h3
{[%clk 00:11:32]} {[%emt 00:00:12]} h5 {[%clk 00:04:01]} {[%emt 00:00:02]} 27.
a5 {[%clk 00:10:42]} {[%emt 00:01:00]} g4 {[%clk 00:04:08]} {[%emt 00:00:03]}
28. hxg4 {[%clk 00:10:49]} {[%emt 00:00:04]} hxg4 {[%clk 00:04:17]} {[%emt
00:00:01]} 29. Ne5 {[%clk 00:10:43]} {[%emt 00:00:14]} Rd4 {[%clk 00:03:48]}
{[%emt 00:00:39]} 30. a6 {[%clk 00:10:12]} {[%emt 00:00:41]} Ra4 {[%clk
00:03:13]} {[%emt 00:00:45]} 31. g3 {[%clk 00:07:29]} {[%emt 00:02:55]} Kg5
{[%clk 00:00:32]} {[%emt 00:02:50]} 32. Nc6 {[%clk 00:06:56]} {[%emt 00:00:43]}
Bc4 {[%clk 00:00:29]} {[%emt 00:00:13]} 33. Re5+ {[%clk 00:06:59]} {[%emt
00:00:07]} f5 {[%clk 00:00:31]} {[%emt 00:00:08]} 34. Ra5 {[%clk 00:07:07]}
{[%emt 00:00:02]} Rxa5 {[%clk 00:00:29]} {[%emt 00:00:13]} 35. Nxa5 {[%clk
00:07:16]} Be2 {[%clk 00:00:33]} {[%emt 00:00:06]} 36. Nc6 {[%clk 00:07:08]}
{[%emt 00:00:18]} f4 {[%clk 00:00:41]} {[%emt 00:00:03]} 37. Nxa7 {[%clk
00:07:11]} {[%emt 00:00:07]} fxg3 {[%clk 00:00:37]} {[%emt 00:00:14]} 38. fxg3
{[%clk 00:07:20]} Kf5 {[%clk 00:00:43]} {[%emt 00:00:04]} 39. Nb5 {[%clk
00:07:19]} {[%emt 00:00:11]} 1-0